Countries with more than 5000 kilometer coastline - Sudden Death - Statistics

General Stats
  • This quiz has been taken 75 times
  • The average score is 6 of 12
Answers on the Grid
Answers color-coded by a green-red scale on the quiz's grid according to % correct below.
Colombia
Croatia
Denmark
Egypt
Greece
Indonesia
Italy
Japan
Micronesia
Morocco
New Zealand
Norway
Philippines
Saudi Arabia
Solomon Islands
Thailand
Turkey
Ukraine
Vanuatu
Vietnam
 
Answer Stats
Answer % Correct
Indonesia
78%
Japan
72%
Norway
70%
Philippines
65%
New Zealand
60%
Denmark
57%
Greece
57%
Italy
50%
Croatia
37%
Turkey
30%
Micronesia
18%
Solomon Islands
18%
No matching quizzes found
Score Distribution
Percent of People with Each Score
Percentile by Number Answered
Your Score History
You have not taken this quiz